Islam and Jihad/ (Record no. 212032)

MARC details
000 -LEADER
fixed length control field 00568nam a2200205 a 4500
005 - DATE AND TIME OF LATEST TRANSACTION
control field 20250703104314.0
010 ## - LCCN (DPL NO)
LC control number ENG-145541
020 ## - INTERNATIONAL STANDARD BOOK NUMBER
International Standard Book Number 9788187496786
Terms of availability 150.00
035 ## - SYSTEM CONTROL NUMBER
System control number EN-129073
037 ## - SOURCE OF ACQUISITION
Source of stock number/acquisition DBAD
082 ## - DEWEY DECIMAL CLASSIFICATION NUMBER
Classification number 270.082
Edition number 1
100 ## - MAIN ENTRY--PERSONAL NAME
Personal name Noorani, A.G.
245 ## - TITLE STATEMENT
Title Islam and Jihad/
Statement of responsibility, etc A.G. Noorani
250 ## - EDITION STATEMENT
Edition statement 1
260 ## - PUBLICATION, DISTRIBUTION, ETC. (IMPRINT)
Place of publication, distribution, etc New Delhi
Name of publisher, distributor, etc Leftword Books
Date of publication, distribution, etc 2002
270 ## - ADDRESS
Address 12 Rajendra Prasad Road,
City New Delhi
Postal code 110001
300 ## - PHYSICAL DESCRIPTION
Extent xii, 120p.
Dimensions 21cm(hb)
500 ## - GENERAL NOTE
General note Includes index
942 ## - ADDED ENTRY ELEMENTS (KOHA)
Source of classification or shelving scheme Dewey Decimal Classification
Item type English Books
Call number suffix NOO
Classification part 270.082
Holdings
Withdrawn status Lost status Not for loan Collection code Home library Current library Date acquired Source of acquisition Cost, normal purchase price Full call number Barcode Copy number Cost, replacement price Koha item type
      Non-fiction Mobile Library Mobile Library 03/07/2025 Delivery of Books Act Division 150.00 NOO 270.082 EN-129073 1 150.00 English Books

© Delhi Public Library
Hit Counter
free hit counter